The world under pressure how China and India are influencing the global economy and environment (Record no. 2528)
[ view plain ]
| 000 -LEADER | |
|---|---|
| fixed length control field | 00340nam a22001217a 4500 |
| 020 ## - INTERNATIONAL STANDARD BOOK NUMBER | |
| International Standard Book Number | 9789382264644 |
| 082 ## - DEWEY DECIMAL CLASSIFICATION NUMBER | |
| Classification number | 337.51 |
| 100 ## - MAIN ENTRY--PERSONAL NAME | |
| Personal name | Dahlman,Carl J. |
| 245 ## - TITLE STATEMENT | |
| Title | The world under pressure how China and India are influencing the global economy and environment |
| 260 ## - PUBLICATION, DISTRIBUTION, ETC. | |
| Place of publication, distribution, etc. | Delhi |
| Name of publisher, distributor, etc. | Foundations Books |
| Date of publication, distribution, etc. | 2013 |
| 300 ## - PHYSICAL DESCRIPTION | |
| Extent | 301 |
| 942 ## - ADDED ENTRY ELEMENTS (KOHA) | |
| Koha item type | Book |
| Withdrawn status | Lost status | Damaged status | Not for loan | Collection code | Permanent Location | Current Location | Shelving location | Date acquired | Total Checkouts | Full call number | Barcode | Date last seen | Price effective from | Koha item type |
|---|---|---|---|---|---|---|---|---|---|---|---|---|---|---|
| Central Library (CL) | Central Library (CL) | General Stacks | 01/25/2016 | 337.51 DAH | S3H-S-258 | 01/25/2016 | 01/25/2016 | Book |
